|
|
|
|
| LEADER |
00000cas a2200000 a 4500 |
| 003 |
Ucuenca |
| 005 |
20230308202507.0 |
| 008 |
006013|1999 ck |||||r|||||||||||spa|| |
| 022 |
|
|
|a 01206702
|
| 040 |
|
|
|b spa
|
| 041 |
0 |
|
|a spa
|
| 082 |
0 |
|
|a 720.5
|b S632e
|
| 245 |
|
|
|a Escala
|c David Serna Cárdenas, director
|h imp
|
| 264 |
|
|
|a Bogotá
|b Talleres Litográficos Escala
|c 1999
|
| 300 |
|
|
|a páginas: irreg.
|b ilu
|c 34 cm
|
| 362 |
|
|
|a Año 36; no. 183 (1999)
|
| 504 |
|
|
|a incl. ref.
|
| 520 |
3 |
|
|a ...se puede afirmar que en los últimos veinticinco años la arquitectura de México se ha distinguido por un desarrollo claramente orientado y con resultados plásticos fácilmente reconocidos.Contiene los siguientes proyectos: Torre Confía, Taller de Arquitectura,Secundaria Técnica Número 10, Edificio San Juan de Letrán, Ampliación Jardín de Niños, Casa Vícto y Jacinta
|
| 650 |
1 |
|
|a Arquitectura mexicana
|9 200694
|
| 650 |
1 |
|
|a Arquitectos jovenes
|9 200677
|
| 650 |
1 |
|
|a Jovenes arquitectos
|9 200678
|
| 650 |
1 |
0 |
|a Arquitectura Latinoamericana
|9 26578
|
| 700 |
1 |
|
|a Serna Cárdenas, David
|e director
|9 184419
|
| 852 |
|
|
|a UC-CDJBV
|f Compra
|l 1
|m General
|p 20060131
|r 2
|b 0
|d CDRC
|e CDRC
|g 720.5 S632e TERCER PISO (SECCION REVISTAS)
|z 2006-60-13
|
| 942 |
|
|
|c SER
|
| 773 |
0 |
|
|0 140585
|9 115410
|d Bogotá Talleres Litográficos Escala s.f.
|o 104562
|t Escala:
|w (Ucuenca)104562
|x 01206702
|
| 999 |
|
|
|c 102294
|d 102294
|